Countries: Before 'K' Quiz Stats

 Plays Quiz Updated Jun 21, 2015

Challenge
Share
Tweet
Embed
Score 0/10 Timer 04:00
3 Plays Today
Letter Before 'K' Country % Correct
NoneKazakhstan, Kenya, Kiribati, Kosovo, Kuwait, Kyrgyzstan
96.2%
AKazakhstan, Pakistan, Slovakia
80.4%
RBurkina Faso, Denmark, Turkey, Turkmenistan
78.1%
EUzbekistan
52.5%
ITajikistan
49.4%
HNorth Korea, South Korea
47.5%
UUkraine
46%
DUnited Kingdom
46%
TSt. Kitts and Nevis
34.5%
NSri Lanka
29.7%

You're not logged in!

Compare scores with friends on all Sporcle quizzes.
Join for Free
OR
Log In

You Might Also Like...

Show Comments

Extras

Top Quizzes Today


Score Distribution

Your Account Isn't Verified!

In order to create a playlist on Sporcle, you need to verify the email address you used during registration. Go to your Sporcle Settings to finish the process.

Report this User

Report this user for behavior that violates our Community Guidelines.

Details: